| 000 | 02228cam a2200661 a 4500 | ||
|---|---|---|---|
| 003 | PE-LiUPU | ||
| 005 | 20250731170414.0 | ||
| 008 | 100713s2010 sp r 000 0 spa d | ||
| 020 | _a8496334805 | ||
| 020 | _a9788496334809 | ||
| 035 | _a(Sirsi) i9788496334809 | ||
| 040 |
_aI5B _bspa _cI5B _dPL# _dESUDE _dPE-LiUPU _erda |
||
| 050 | 4 | _aBF | |
| 082 | 0 | 0 |
_a155.4 _bP77 _223 |
| 100 | 1 |
_aPons Segalés, Evaristo, _eautor. |
|
| 245 | 1 | 0 |
_aDesarrollo cognitivo y motor / _cEvaristo Pons Segalés, Dolors Roquet-Jalmar Palau. |
| 264 | 1 |
_aBarcelona : _bAltamar, _c2010. |
|
| 300 |
_a223 páginas : _bilustraciones ; _c29 centímetros |
||
| 336 |
_atext _2rdacontent |
||
| 337 |
_aunmediated _2rdamedia |
||
| 338 |
_avolume _2rdacarrier |
||
| 490 | 0 | _aServicios socioculturales y a la comunidad | |
| 504 | _aBibliografía: páginas 221-223. | ||
| 505 | _aDesarrollo sensorial -- El desarrollo del motor -- El desarrollo cognitivo -- La psicomotrocidad -- La práctica psicomotriz. | ||
| 526 | _aSEG68 | ||
| 526 | _aSEG70 | ||
| 526 | _aSEG69 | ||
| 526 | _aSEG67 | ||
| 526 | _aSEG43 | ||
| 526 | _aP144 | ||
| 526 | _aP143 | ||
| 526 | _aP131 | ||
| 526 | _aP122 | ||
| 526 | _aP120 | ||
| 526 | _aP117 | ||
| 526 | _aP112 | ||
| 526 | _aP110 | ||
| 526 | _aP106 | ||
| 526 | _aP101 | ||
| 526 | _aP80 | ||
| 526 | _aP59 | ||
| 526 | _aP54 | ||
| 526 | _aP35 | ||
| 526 | _aP33 | ||
| 526 | _aP30 | ||
| 541 | _gFA3-00000165801; | ||
| 650 | 0 | 4 |
_aNiños _xPsicología. _91899 |
| 650 | 0 | 4 | _aPsicomotricidad. |
| 653 | _aConocimiento (Psicología infantil) | ||
| 653 | _aMotricidad en niños. | ||
| 700 | 1 |
_aRoquet Jalmar-Palau, Dolors, _eautor. |
|
| 910 |
_aebj _bebj _cjck _d20170523 |
||
| 942 |
_2ddc _cBOOK |
||
| 949 |
_a155.4 P77 _wDEWEY _c1 _i75954 _lCCODEBUL1 _mBUL _p6.00 _r0 _sY _tBOOK _u2017-05-23 _xPOSGRADO _PP69 _0COMPRA _o.STAFF. Colección Ciencias de la Salud |
||
| 994 |
_aC0 _bPEPRU |
||
| 596 | _a1 | ||
| 999 |
_a155.4 P77 _wDEWEY _c20434 _i75954 _d20434 _e2018-5-21 _f2018-2-10 _g1 _lCCODEBUL1 _mBUL _n14 _p6.00 _q6 _r0 _sY _tBOOK _u2017-5-23 _xSALUD _PP69 _0COMPRA _o.STAFF. Colección Ciencias de la Salud |
||
| 980 |
_81 _gALBERTO SANCHEZ Responsable de Automatización |
||